[Event "Copenhagen Chess Challenge IM 2025"]
[Site "Ballerup"]
[Date "2025.07.25"]
[Round "5.8"]
[White "Le Besq, Alexander"]
[Black "Jalving, August"]
[Result "1-0"]
[WhiteElo "2265"]
[BlackElo "2320"]
[EventDate "2025.07.23"]
[EventType "tourn"]
[EventRounds "9"]
[EventCountry "DEN"]
[SourceTitle "Live v. Michael Andersen"]

1. e4 c5 2. Nf3 d6 3. d4 cxd4 4. Nxd4 Nf6 5. Nc3 a6 6. h3 e6 7. g4 d5 8. Bg2 Nxe4 9. Nxe4 dxe4 10. Bxe4 e5 11. Nf5 Qxd1+ 12. Kxd1 h5 13. g5 Nc6 14. g6 Be6 15. gxf7+ Kxf7 16. Bg5 Bxf5 17. Bxf5 Be7 18. Be3 Rad8+ 19. Ke1 h4 20. c3 Rd6 21. Rd1 Rhd8 22. Rxd6 Rxd6 23. Ke2 Na5 24. Rd1 Rxd1 25. Kxd1 Nc4 26. Bc1 Nd6 27. Bc2 g5 28. Ke2 e4 29. f3 exf3+ 30. Kxf3 Kg7 31. Kg4 Kh6 32. Bd3 a5 33. a4 Nf7 34. Kf5 Kg7 35. Be3 Bf6 36. Be2 Ne5 37. Bxg5 Bxg5 38. Kxg5 Nd7 39. Kxh4 Nc5 40. Bb5 Kf6 41. Kg4 Ne6 42. h4 Ng7 43. Bd7 Ke7 44. Bc8 b6 45. Kg5 Ne8 46. h5 Nd6 47. Ba6 Kf7 48. Bd3 Kg7 49. h6+ Kh8 50. Kf6 Nb7 51. Ke5 Nc5 52. Bc2 b5 53. axb5 a4 54. Kd6 1-0

[Event "Copenhagen Chess Challenge IM 2025"]
[Site "Ballerup"]
[Date "2025.07.25"]
[Round "5.9"]
[White "Bazilius, Augustinas"]
[Black "Falkesgaard, Jeppe Hald"]
[Result "1-0"]
[WhiteElo "2261"]
[BlackElo "2309"]
[EventDate "2025.07.23"]
[EventType "tourn"]
[EventRounds "9"]
[EventCountry "DEN"]
[SourceTitle "Live v. Michael Andersen"]

1. d4 Nf6 2. c4 e6 3. g3 c5 4. d5 exd5 5. cxd5 d6 6. Nc3 g6 7. Bg2 Bg7 8. Nf3 O-O 9. O-O a6 10. a4 Re8 11. Re1 Nbd7 12. Bf4 Qc7 13. Qc2 Nh5 14. Bg5 Ne5 15. e4 Rb8 16. Nxe5 Rxe5 17. Be3 b5 18. Ne2 Re7 19. axb5 axb5 20. f4 b4 21. Rac1 Qa5 22. Qd2 Nf6 23. e5 Ng4 24. Bf3 Nxe3 25. Qxe3 Qb6 26. Qf2 dxe5 27. Rxc5 Ba6 28. Rc6 Qxf2+ 29. Kxf2 Bb5 30. Nd4 Ba4 31. fxe5 Rxe5 32. Rxe5 Bxe5 33. Rc4 Bxd4+ 34. Rxd4 Kg7 35. Ke3 Bd7 36. Kd3 Kf6 37. Kc4 Ke5 38. Re4+ Kd6 39. Kb3 Bf5 40. Rxb4 Re8 41. Rc4 Bd7 42. Re4 Rb8+ 43. Kc3 Rc8+ 44. Rc4 Re8 45. Kd4 Re1 46. Rb4 Rf1 47. Rb6+ Kc7 48. Rb3 Kd6 49. Rb6+ Ke7 50. Ke3 Re1+ 51. Kd2 Rf1 52. Ke2 Rc1 53. h4 h6 54. Ke3 Rg1 55. Kf2 Rc1 56. h5 g5 57. Rxh6 Rc2+ 58. Ke3 Rxb2 59. d6+ Kf8 60. Rh8+ Kg7 61. Rd8 Rb3+ 62. Kf2 Rb2+ 63. Ke1 Rb1+ 64. Kd2 Be6 65. h6+ Kxh6 66. d7 Bxd7 67. Rxd7 f5 68. Rd6+ Kg7 69. Ke2 Rb2+ 70. Kf1 g4 71. Be2 f4 72. gxf4 Rb4 73. Kf2 Rxf4+ 74. Kg3 Rb4 75. Bxg4 Kf7 76. Kh4 Ke7 77. Rd7+ Kf6 78. Rd1 Ke5 79. Kg5 Rb2 80. Re1+ Kd5 81. Kf4 Rb4+ 82. Kf5 Rb2 83. Rd1+ Kc5 84. Ke5 Rg2 85. Bf5 Rg5 86. Rc1+ Kb5 87. Ke4 Rh5 88. Bd7+ Kb4 89. Be6 Rh4+ 90. Ke5 Rh5+ 91. Bf5 Kb5 92. Ke4 Rh4+ 93. Kd5 Rh5 94. Rb1+ Ka5 95. Rf1 Kb5 96. Rf4 Rg5 97. Kd6 Rh5 98. Bd7+ Kb6 99. Rb4+ Ka5 100. Rb1 Rh6+ 101. Be6 Ka4 102. Kd5 Rh5+ 103. Kd4 Ka5 104. Bd5 Ka6 105. Kc5 Ka7 106. Rb7+ Ka6 107. Rb8 Rh7 108. Ra8+ Ra7 109. Rg8 Rc7+ 110. Bc6 Rh7 111. Rg3 Rh5+ 112. Bd5 Ka7 113. Rg8 Rh8 114. Rxh8 1-0

[Event "Copenhagen Chess Challenge IM 2025"]
[Site "Ballerup"]
[Date "2025.07.25"]
[Round "5.10"]
[White "Brynell, Stellan"]
[Black "Ramsdal, Jens Albert"]
[Result "1-0"]
[WhiteElo "2378"]
[BlackElo "2325"]
[EventDate "2025.07.23"]
[EventType "tourn"]
[EventRounds "9"]
[EventCountry "DEN"]
[SourceTitle "Live v. Michael Andersen"]

1. d4 Nf6 2. Nf3 e6 3. c4 d5 4. Nc3 dxc4 5. e3 a6 6. a4 c5 7. Bxc4 Nc6 8. O-O cxd4 9. exd4 Be7 10. Bg5 O-O 11. Re1 Qa5 12. Qd2 Rd8 13. Rad1 h6 14. Bf4 Bb4 15. Bxh6 gxh6 16. Qxh6 Be7 17. d5 Qc5 18. Bd3 Qxf2+ 19. Kh1 Qxb2 20. Ng5 1-0

[Event "Copenhagen Chess Challenge IM 2025"]
[Site "Ballerup"]
[Date "2025.07.26"]
[Round "6.6"]
[White "Falkesgaard, Jeppe Hald"]
[Black "Brynell, Stellan"]
[Result "0-1"]
[WhiteElo "2309"]
[BlackElo "2378"]
[EventDate "2025.07.23"]
[EventType "tourn"]
[EventRounds "9"]
[EventCountry "DEN"]
[SourceTitle "Live v. Michael Andersen"]

1. d4 Nf6 2. c4 e6 3. Nc3 Bb4 4. e3 O-O 5. Bd3 c5 6. Ne2 d5 7. cxd5 cxd4 8. exd4 Nxd5 9. O-O Nc6 10. Bc2 Re8 11. Qd3 g6 12. Ne4 Be7 13. a3 b6 14. Bh6 Bb7 15. Rad1 Nf6 16. N4g3 Rc8 17. Bb1 Na5 18. Nf4 Ng4 19. d5 Nxh6 20. d6 Bxd6 21. Qxd6 Qxd6 22. Rxd6 Red8 23. Rxd8+ Rxd8 24. h3 Kf8 25. Rc1 Rc8 26. Rd1 Ke7 27. Nge2 Nc4 28. b3 Nxa3 29. Bd3 a5 30. g4 Nc2 31. Bxc2 Rxc2 32. Nd4 Rc5 33. Re1 Rc3 34. Re5 Rc5 35. Re1 Kd7 36. Nd3 Rd5 37. Ne5+ Kd6 38. Ndf3 b5 39. g5 Nf5 40. Nxf7+ Kc5 41. Rxe6 Rd1+ 42. Ne1 Nd4 43. Re5+ Kb4 44. f4 Nf3+ 45. Kf2 Rxe1 46. Rxe1 Nxe1 47. Kxe1 Kxb3 48. Kd2 a4 49. Kc1 Be4 50. Nd6 Bd3 0-1

[Event "Copenhagen Chess Challenge IM 2025"]
[Site "Ballerup"]
[Date "2025.07.26"]
[Round "6.7"]
[White "Liu, Casper Yukun"]
[Black "Jepson, Christian"]
[Result "1-0"]
[WhiteElo "2325"]
[BlackElo "2409"]
[EventDate "2025.07.23"]
[EventType "tourn"]
[EventRounds "9"]
[EventCountry "DEN"]
[SourceTitle "Live v. Michael Andersen"]

1. e4 d6 2. d4 Nf6 3. Nc3 g6 4. Be3 c6 5. h3 Nbd7 6. f4 Qa5 7. Bd3 e5 8. Nf3 Bg7 9. fxe5 dxe5 10. O-O O-O 11. Qd2 Qc7 12. a4 Nh5 13. d5 Nf4 14. dxc6 bxc6 15. a5 Qd6 16. Bc4 Qb4 17. Ra4 Qe7 18. Qf2 a6 19. Raa1 Kh8 20. Na4 f5 21. exf5 Rxf5 22. Qd2 Bb7 23. Rad1 Nd5 24. Bg5 Bf6 25. Bxf6+ N7xf6 26. Rfe1 Re8 27. Bf1 e4 28. c4 Nb4 29. c5 Nbd5 30. Nd4 Re5 31. b4 Nh5 32. Nb6 Nhf4 33. Nc4 Rg5 34. Kh1 e3 35. Nxe3 Nxe3 36. Nc2 Re5 37. Rxe3 Rxe3 38. Qxe3 Qxe3 39. Nxe3 Rxe3 40. Rd8+ Kg7 41. Rd7+ Kf6 42. Rxb7 Re1 43. Kg1 Nd3 44. Rb6 Ke5 45. Rxc6 Nxb4 46. Rb6 Nd5 47. Kf2 Rc1 48. Rc6 Rc2+ 49. Kg3 Ne3 50. Bxa6 Kd4 51. Bb7 Nf5+ 52. Kf4 Rf2+ 53. Kg5 Ke5 54. Rc7 Ra2 55. a6 Nd4 56. Kh6 Ne6 57. Rxh7 Nxc5 58. Rg7 Ra3 59. Rxg6 Ne6 60. Bc8 Nf4 61. Rg5+ Kd6 62. Bb7 Ke7 63. h4 Ne6 64. Rf5 Ra4 65. h5 Nd8 66. Kg6 Rg4+ 67. Rg5 Ra4 68. h6 Nf7 69. h7 Kf8 70. Rf5 1-0

[Event "Copenhagen Chess Challenge IM 2025"]
[Site "Ballerup"]
[Date "2025.07.26"]
[Round "6.8"]
[White "Sriram, Jha"]
[Black "Jalving, August"]
[Result "1-0"]
[WhiteElo "2301"]
[BlackElo "2320"]
[EventDate "2025.07.23"]
[EventType "tourn"]
[EventRounds "9"]
[EventCountry "DEN"]
[SourceTitle "Live v. Michael Andersen"]

1. d4 Nf6 2. c4 e6 3. Nf3 b6 4. g3 Ba6 5. Qa4 c5 6. Bg2 Bb7 7. dxc5 Bxc5 8. O-O O-O 9. Nc3 d5 10. Rd1 Qc8 11. cxd5 Nxd5 12. Bd2 Nf6 13. Rac1 a5 14. Qh4 Nbd7 15. Na4 Bd5 16. Nxc5 bxc5 17. Bc3 Qb7 18. Ne1 Bxg2 19. Nxg2 Nd5 20. Rd2 Nxc3 21. Rxc3 Nf6 22. Rb3 Qa6 23. Ne3 h6 24. Qc4 Qc6 25. Rc2 Rfc8 26. Qb5 Qc7 27. Qc4 Nd7 28. Qe4 Rab8 29. Rxb8 Rxb8 30. Nc4 a4 31. a3 Nf6 32. Qe5 Qxe5 33. Nxe5 Rb5 34. Nd3 Nd7 35. Rc4 Ra5 36. e4 f6 37. Kf1 Kf7 38. Ke2 e5 39. Rc2 Rb5 40. Rc4 Ra5 41. Rc2 Ke6 42. Ne1 Rb5 43. Nd3 Kd6 44. f4 Nb8 45. fxe5+ fxe5 46. Rc4 Ra5 47. Ke3 Nc6 48. Rc2 Rb5 49. Rc4 Ra5 50. Rc2 Nd4 51. Rc4 h5 52. h4 g6 53. Kf2 Ne6 54. Ke3 Nf8 55. Rc2 Nd7 56. Nc1 Rb5 57. Ne2 Nb6 58. Kd3 Rb3+ 59. Nc3 Ke6 60. Rg2 Kf6 61. Rf2+ Ke6 62. Kc2 Nd7 63. Rd2 c4 64. Rd5 Rb8 65. Nxa4 Rc8 66. Rxd7 1-0

[Event "Copenhagen Chess Challenge IM 2025"]
[Site "Ballerup"]
[Date "2025.07.26"]
[Round "6.9"]
[White "Strom Engdahl, Alexander"]
[Black "Bazilius, Augustinas"]
[Result "1/2-1/2"]
[WhiteElo "2313"]
[BlackElo "2261"]
[EventDate "2025.07.23"]
[EventType "tourn"]
[EventRounds "9"]
[EventCountry "DEN"]
[SourceTitle "Live v. Michael Andersen"]

1. Nf3 d5 2. e3 Nf6 3. c4 c6 4. Nc3 a6 5. d4 e6 6. c5 b6 7. cxb6 Qxb6 8. Bd3 Bd6 9. O-O a5 10. Na4 Qc7 11. b3 Ba6 12. Bb2 Nbd7 13. Bxa6 Rxa6 14. Qe2 Qb7 15. Rac1 O-O 16. Rc2 Nb6 17. Rxc6 Qxc6 18. Qxa6 Nfd7 19. Rc1 Qa8 20. Qxa8 Rxa8 21. Nxb6 Nxb6 22. Rc6 Nc8 23. Kf1 Kf8 24. Ke2 Ke7 25. Kd1 Kd7 26. Rc2 f6 27. Kc1 Ne7 28. Bc3 Ba3+ 29. Kd2 a4 30. Ne1 Nc6 31. Nd3 Kd6 32. Bb2 axb3 33. axb3 Bb4+ 34. Kc1 Ba3 35. Bxa3+ Rxa3 36. Kb2 Ra8 37. Rc1 e5 38. dxe5+ fxe5 39. Rd1 g5 40. f3 h5 41. h3 Rg8 42. Nf2 Kc5 43. Rc1+ Kb6 44. e4 d4 45. Nd3 g4 46. fxg4 hxg4 47. h4 g3 48. h5 Rh8 49. Rh1 Rh6 50. b4 Kc7 51. Kb3 Kd6 52. Kc4 Nd8 53. Nc5 Nf7 54. Rh3 Kc6 55. Rh4 Nd6+ 56. Kb3 Kb5 57. Nd3 Nc4 58. Rh3 Nd2+ 59. Kc2 Nxe4 60. Nxe5 Nf6 61. Kd3 Rxh5 62. Rxh5 Nxh5 63. Ng6 Kxb4 64. Kxd4 Kb5 65. Ke4 Kc5 66. Kf5 Kd6 67. Kg4 Nf6+ 68. Kxg3 Ke6 69. Kf4 Nd5+ 70. Ke4 Nf6+ 71. Kf3 Kf5 72. Ne7+ Kg5 73. Nc6 Nh5 74. Ne5 Nf6 75. Nf7+ Kg6 76. Nd6 Kg5 77. g4 Nxg4 78. Nf7+ Kh5 79. Kf4 1/2-1/2

[Event "Copenhagen Chess Challenge IM 2025"]
[Site "Ballerup"]
[Date "2025.07.26"]
[Round "6.10"]
[White "Ramsdal, Jens Albert"]
[Black "Le Besq, Alexander"]
[Result "1-0"]
[WhiteElo "2325"]
[BlackElo "2265"]
[EventDate "2025.07.23"]
[EventType "tourn"]
[EventRounds "9"]
[EventCountry "DEN"]
[SourceTitle "Live v. Michael Andersen"]

1. e4 e6 2. d4 d5 3. e5 Bd7 4. Nf3 a6 5. Be2 Bb5 6. Nc3 Bxe2 7. Nxe2 c5 8. c3 Nc6 9. O-O cxd4 10. cxd4 Nge7 11. Ng3 Qb6 12. Be3 h6 13. Nh5 O-O-O 14. Rb1 Na7 15. Nf4 Nec6 16. Nd2 Kb8 17. Nb3 Na5 18. Nxa5 Qxa5 19. a3 Rc8 20. Nd3 Be7 21. Qh5 Rhf8 22. Qg4 Rg8 23. h4 Qb5 24. Rfd1 Qb3 25. h5 Nc6 26. Nc1 Qc2 27. Ne2 g6 28. hxg6 Rxg6 29. Qf3 Rcg8 30. g3 Rg4 31. Rbc1 Qh7 32. Bf4 h5 33. Qd3 Qxd3 34. Rxd3 Na5 35. Rdc3 Nc4 36. R1c2 Bd8 37. f3 R4g7 38. Kh2 Ba5 39. Rd3 b5 40. Kh3 Kb7 41. Bh6 Rg6 42. Bc1 Be1 43. b3 Bxg3 44. bxc4 bxc4 45. Rd1 Kc6 46. Rg1 h4 47. Be3 R6g7 48. Rb1 Rc8 49. Rcb2 Kd7 50. Nc3 Bxe5 51. dxe5 Rg3+ 52. Kh2 Rxf3 53. Rb7+ Ke8 54. Rg1 Rg3 55. Rxg3 hxg3+ 56. Kxg3 Kf8 57. Bd4 Kg7 58. Ra7 Kg6 59. Rxa6 Kf5 60. Ra7 f6 61. Rf7 Ra8 62. Rxf6+ 1-0

[Event "Copenhagen Chess Challenge IM 2025"]
[Site "Ballerup"]
[Date "2025.07.26"]
[Round "7.6"]
[White "Brynell, Stellan"]
[Black "Strom Engdahl, Alexander"]
[Result "1/2-1/2"]
[WhiteElo "2378"]
[BlackElo "2313"]
[EventDate "2025.07.23"]
[EventType "tourn"]
[EventRounds "9"]
[EventCountry "DEN"]
[SourceTitle "Live v. Michael Andersen"]

1. d4 d5 2. c4 c6 3. Nf3 Nf6 4. cxd5 cxd5 5. Nc3 Nc6 6. Bf4 a6 7. Rc1 e6 8. e3 Bd6 9. Bg3 O-O 10. Bd3 Re8 11. O-O Bxg3 12. hxg3 Qd6 13. a3 Bd7 14. Ne2 Rec8 15. Nf4 Na5 16. Ne5 Rxc1 17. Qxc1 Rc8 18. Qd1 Nc6 19. Nxd7 Qxd7 20. Nh5 Nxh5 21. Qxh5 g6 22. Qe2 h5 23. Rc1 Ne7 24. Qd2 Rxc1+ 25. Qxc1 Qc8 26. Qc5 Kf8 27. Kf1 Ke8 28. Ke2 Kd7 29. Kd2 Qxc5 30. dxc5 e5 31. b4 Kc6 32. Kc3 a5 33. Bc2 axb4+ 34. axb4 b5 35. Bd3 g5 36. Be2 g4 37. Bd3 1/2-1/2

[Event "Copenhagen Chess Challenge IM 2025"]
[Site "Ballerup"]
[Date "2025.07.26"]
[Round "7.7"]
[White "Bazilius, Augustinas"]
[Black "Liu, Casper Yukun"]
[Result "1-0"]
[WhiteElo "2261"]
[BlackElo "2325"]
[EventDate "2025.07.23"]
[EventType "tourn"]
[EventRounds "9"]
[EventCountry "DEN"]
[SourceTitle "Live v. Michael Andersen"]

1. d4 Nf6 2. c4 c5 3. d5 b5 4. cxb5 a6 5. e3 e6 6. dxe6 fxe6 7. Nc3 d5 8. Nf3 c4 9. Be2 axb5 10. Nxb5 Qa5+ 11. Nc3 Ne4 12. Bd2 Nxd2 13. Qxd2 Bb4 14. e4 O-O 15. exd5 exd5 16. O-O Nd7 17. Qxd5+ 1-0

[Event "Copenhagen Chess Challenge IM 2025"]
[Site "Ballerup"]
[Date "2025.07.26"]
[Round "7.8"]
[White "Le Besq, Alexander"]
[Black "Falkesgaard, Jeppe Hald"]
[Result "1-0"]
[WhiteElo "2265"]
[BlackElo "2309"]
[EventDate "2025.07.23"]
[EventType "tourn"]
[EventRounds "9"]
[EventCountry "DEN"]
[SourceTitle "Live v. Michael Andersen"]

1. e4 c5 2. Nf3 Nc6 3. d4 cxd4 4. Nxd4 e6 5. Nb5 d6 6. c4 Be7 7. Bf4 e5 8. Be3 Nf6 9. N1c3 a6 10. Na3 Ng4 11. Nc2 Nxe3 12. Nxe3 O-O 13. Bd3 Bg5 14. Ned5 Be6 15. O-O Rb8 16. Qa4 Nd4 17. Rab1 Bh6 18. Ne2 Bd7 19. Qa3 Nxe2+ 20. Bxe2 Be6 21. Rbd1 Qh4 22. Qxd6 b5 23. cxb5 Bxd5 24. Rxd5 Rbe8 25. bxa6 Qxe4 26. Bd3 Qh4 27. g3 Qh3 28. Bb5 1-0

[Event "Copenhagen Chess Challenge IM 2025"]
[Site "Ballerup"]
[Date "2025.07.26"]
[Round "7.9"]
[White "Jalving, August"]
[Black "Ramsdal, Jens Albert"]
[Result "1/2-1/2"]
[WhiteElo "2320"]
[BlackElo "2325"]
[EventDate "2025.07.23"]
[EventType "tourn"]
[EventRounds "9"]
[EventCountry "DEN"]
[SourceTitle "Live v. Michael Andersen"]

1. e4 e5 2. Nf3 Nc6 3. Bb5 a6 4. Ba4 Nf6 5. O-O Nxe4 6. d4 Be7 7. Re1 b5 8. Rxe4 d5 9. Nxe5 Nxe5 10. Rxe5 bxa4 11. b3 Be6 12. Ba3 Bd6 13. Bxd6 cxd6 14. Re3 O-O 15. Nc3 axb3 16. axb3 Qb6 17. h3 Rfc8 18. Qd3 Rc6 19. Ne2 Rac8 20. Nf4 Rc3 21. Nxd5 Rxd3 22. Nxb6 Rxe3 23. Nxc8 Rc3 24. Nxd6 Rc6 25. Nb7 Rxc2 26. Rxa6 Rc1+ 27. Kh2 Kf8 28. Nc5 Ke7 29. Ra7+ Kf6 30. b4 Rb1 31. Ne4+ Kg6 32. Rb7 Rd1 33. b5 Rxd4 34. Nc5 Rc4 35. Rc7 Rb4 36. Rb7 Rc4 37. Nd3 Rd4 38. Ne5+ Kf6 39. Nc6 Rd2 40. Kg3 Rb2 41. Nd4 Rb4 42. Nxe6 Kxe6 43. b6 h5 44. Kf3 g6 45. Rb8 Rb2 46. Ke3 Kf5 47. g3 Ke6 48. Kd4 Kd6 49. b7 Ke7 50. Ke5 Rb5+ 51. Kf4 Kf6 52. Ke4 Rb1 53. Kd5 Rd1+ 54. Kc6 Rc1+ 55. Kd7 Rb1 56. Ke8 Kg7 57. g4 hxg4 58. hxg4 Re1+ 59. Kd7 Rb1 60. g5 Rd1+ 61. Ke7 Re1+ 62. Kd6 Rd1+ 63. Ke5 Re1+ 64. Kf4 Rb1 65. Kg4 Rg1+ 66. Kh3 Rb1 67. f4 Rh1+ 68. Kg2 Rb1 69. f5 gxf5 70. Kg3 Rb4 71. Kf3 f4 72. Kg4 1/2-1/2

[Event "Copenhagen Chess Challenge IM 2025"]
[Site "Ballerup"]
[Date "2025.07.27"]
[Round "8.6"]
[White "Sriram, Jha"]
[Black "Ramsdal, Jens Albert"]
[Result "1-0"]
[WhiteElo "2301"]
[BlackElo "2325"]
[EventDate "2025.07.23"]
[EventType "tourn"]
[EventRounds "9"]
[EventCountry "DEN"]
[SourceTitle "Live v. Michael Andersen"]

1. d4 Nf6 2. c4 g6 3. g3 c6 4. Bg2 d5 5. Nf3 Bg7 6. O-O O-O 7. Qb3 dxc4 8. Qxc4 Be6 9. Qa4 Nbd7 10. Nc3 Bf5 11. Re1 Nb6 12. Qb3 Ne4 13. Bf4 h6 14. Rad1 g5 15. Bc1 a5 16. a4 Ra6 17. h4 Nxc3 18. bxc3 Qd5 19. Qa3 g4 20. Nd2 Qd6 21. e4 Be6 22. Qa1 Nc4 23. d5 Nxd2 24. dxe6 Nb3 25. exf7+ Kxf7 26. Qb1 Qe6 27. Ba3 Raa8 28. e5 Rad8 29. Qc2 Kg8 30. Bf1 Kh8 31. Rd3 b5 32. Bxe7 Qxe7 33. Qxb3 Qc5 34. Ree3 Rxd3 35. Bxd3 Bxe5 36. Qe6 Bg7 37. Qg6 Kg8 38. Qh7+ Kf7 39. Qg6+ Kg8 40. Qh7+ Kf7 41. Bg6+ Kf6 42. Bb1 Qh5 43. Qe4 Bh8 44. Qe7# 1-0

[Event "Copenhagen Chess Challenge IM 2025"]
[Site "Ballerup"]
[Date "2025.07.27"]
[Round "8.7"]
[White "Strom Engdahl, Alexander"]
[Black "Le Besq, Alexander"]
[Result "1-0"]
[WhiteElo "2313"]
[BlackElo "2265"]
[EventDate "2025.07.23"]
[EventType "tourn"]
[EventRounds "9"]
[EventCountry "DEN"]
[SourceTitle "Live v. Michael Andersen"]

1. Nf3 c5 2. b3 d6 3. c4 e5 4. Nc3 Nc6 5. g3 g6 6. Bb2 Bg7 7. d3 Nge7 8. Bg2 O-O 9. O-O f5 10. Qd2 h6 11. e3 Be6 12. Rfe1 Bf7 13. e4 Be6 14. exf5 Nxf5 15. Ne4 Qd7 16. h4 Rae8 17. a3 b6 18. b4 Re7 19. b5 Na5 20. Rad1 Ref7 21. Bc3 Nb7 22. Nh2 Nd4 23. Bxd4 cxd4 24. a4 d5 25. cxd5 Bxd5 26. Rf1 Be6 27. Qb4 Rc8 28. Rc1 Bf8 29. Qb2 Re8 30. Rfe1 Kg7 31. Nf3 Bg4 32. Nfd2 Be7 33. Nc4 Qf5 34. f4 exf4 35. Qxd4+ Kh7 36. Ned6 Nxd6 37. Nxd6 Qd7 38. Bc6 Qxd6 39. Qxd6 Bxd6 40. Bxe8 Rf8 41. gxf4 Rxf4 42. Re4 Bf5 43. Rxf4 Bxf4 44. Rf1 Be3+ 45. Kh2 h5 46. Bc6 Kg7 47. Be4 Be6 48. Re1 Bf4+ 49. Kg2 Bb3 50. Ra1 Be5 51. Ra3 Be6 52. a5 Bc7 53. Rc3 Bd8 54. Rc6 Bf7 55. a6 Bxh4 56. Rc7 Kf6 57. Rxa7 Be8 58. Rb7 1-0

[Event "Copenhagen Chess Challenge IM 2025"]
[Site "Ballerup"]
[Date "2025.07.27"]
[Round "8.8"]
[White "Jepson, Christian"]
[Black "Bazilius, Augustinas"]
[Result "1-0"]
[WhiteElo "2409"]
[BlackElo "2261"]
[EventDate "2025.07.23"]
[EventType "tourn"]
[EventRounds "9"]
[EventCountry "DEN"]
[SourceTitle "Live v. Michael Andersen"]

1. c4 c6 2. Nf3 d5 3. g3 g6 4. Bg2 Bg7 5. O-O e5 6. d3 Ne7 7. e4 O-O 8. b4 d4 9. a4 c5 10. bxc5 Na6 11. Ba3 Qc7 12. Nbd2 Nxc5 13. Nb3 Ne6 14. Ne1 Re8 15. Nc2 Bd7 16. Bxe7 Rxe7 17. Nb4 Bc6 18. Qc1 b6 19. Nd5 Bxd5 20. exd5 Nc5 21. d6 Nxb3 22. Qa3 Qc8 23. dxe7 Nc5 24. Bxa8 Qxa8 25. a5 Qg2+ 1-0

[Event "Copenhagen Chess Challenge IM 2025"]
[Site "Ballerup"]
[Date "2025.07.27"]
[Round "8.9"]
[White "Falkesgaard, Jeppe Hald"]
[Black "Jalving, August"]
[Result "0-1"]
[WhiteElo "2309"]
[BlackElo "2320"]
[EventDate "2025.07.23"]
[EventType "tourn"]
[EventRounds "9"]
[EventCountry "DEN"]
[SourceTitle "Live v. Michael Andersen"]

1. Nf3 Nf6 2. g3 b6 3. Bg2 Bb7 4. O-O e6 5. c4 c5 6. b3 Be7 7. Bb2 O-O 8. e3 d5 9. Qe2 Nbd7 10. d3 a6 11. Nbd2 b5 12. Rad1 Qb6 13. e4 d4 14. e5 Ne8 15. h4 a5 16. Bc1 a4 17. Ne4 b4 18. Bf4 Ra6 19. Nh2 f5 20. exf6 Nexf6 21. Rfe1 Nxe4 22. Bxe4 Bxe4 23. Qxe4 Nf6 24. Qe2 Qc6 25. h5 h6 26. Ng4 Qe8 27. Nxf6+ Rxf6 28. Qg4 Qf7 29. Rd2 Rf5 30. Bxh6 Kf8 31. Bf4 Qxh5 32. Qxh5 Rxh5 33. Rde2 axb3 34. axb3 Kf7 35. g4 Rh8 36. Kg2 g5 37. Be5 Rha8 38. Rh1 Kg6 39. Bg3 Bf6 40. Rhe1 Kf7 41. Re4 Re8 42. R1e2 Ra3 43. Bd6 Rc8 44. Be5 Rc6 45. Rb2 Rca6 46. Bg3 Ra1 47. Ree2 Rc1 48. Rec2 Rd1 49. Rd2 Raa1 50. Kf3 Rxd2 51. Rxd2 Rb1 52. Ra2 Rxb3 53. Ra7+ Ke8 54. Bd6 Rxd3+ 55. Ke4 Ra3 56. Rb7 d3 57. Ke3 Bd4+ 58. Kd2 Bxf2 59. Re7+ Kd8 60. Rxe6 Kd7 61. Rh6 Bd4 62. Bf8 Bc3+ 63. Ke3 d2 64. Ke2 Ra1 0-1

[Event "Copenhagen Chess Challenge IM 2025"]
[Site "Ballerup"]
[Date "2025.07.27"]
[Round "8.10"]
[White "Liu, Casper Yukun"]
[Black "Brynell, Stellan"]
[Result "1-0"]
[WhiteElo "2325"]
[BlackElo "2378"]
[EventDate "2025.07.23"]
[EventType "tourn"]
[EventRounds "9"]
[EventCountry "DEN"]
[SourceTitle "Live v. Michael Andersen"]

1. e4 e6 2. b3 d5 3. Bb2 dxe4 4. Nc3 Nf6 5. Qe2 Bb4 6. O-O-O Qe7 7. g4 h6 8. Bg2 Bxc3 9. dxc3 Bd7 10. h4 Bc6 11. c4 Qc5 12. Nh3 Nbd7 13. g5 hxg5 14. hxg5 Nh5 15. Bxe4 Bxe4 16. Qxe4 O-O-O 17. g6 Ndf6 18. Qe2 Rxd1+ 19. Rxd1 Qf5 20. Qe3 Qxg6 21. Qxa7 Nd7 22. Qa8+ Nb8 23. Bd4 Nf6 24. Ba7 Nd7 25. Nf4 Qe4 26. Nd3 Rh1 27. Rxh1 Qxh1+ 28. Kb2 Qc6 29. Ne5 Nxe5 30. Qxb8+ Kd7 31. Bd4 Qe4 32. Bc3 g5 33. Qh8 Nc6 34. Qg7 Qf5 35. Bf6 g4 36. Qxf7+ Kd6 37. b4 b5 38. a4 bxa4 39. Qf8+ Kd7 40. b5 a3+ 41. Kxa3 Qxc2 42. bxc6+ Kxc6 43. Qe8+ Kb7 44. Qb5+ Kc8 45. Qe8+ Kb7 46. Qb5+ Kc8 47. Qc5 Qd3+ 48. Ka2 Qc2+ 49. Bb2 Qa4+ 50. Kb1 Qd1+ 51. Bc1 Qb3+ 52. Ka1 Qc3+ 53. Bb2 Qc2 54. Qd4 Kb7 55. Ka2 e5 56. Qd5+ c6 57. Qd7+ Kb6 58. Qxg4 Qxf2 59. Qe4 Kc5 60. Kb3 Qg3+ 61. Bc3 Kd6 62. Qf5 Qg7 63. Qc8 Qg3 64. Qd8+ Ke6 65. Qc7 1-0

[Event "Copenhagen Chess Challenge IM 2025"]
[Site "Ballerup"]
[Date "2025.07.27"]
[Round "9.6"]
[White "Le Besq, Alexander"]
[Black "Liu, Casper Yukun"]
[Result "1-0"]
[WhiteElo "2265"]
[BlackElo "2325"]
[EventDate "2025.07.23"]
[EventType "tourn"]
[EventRounds "9"]
[EventCountry "DEN"]
[SourceTitle "Live v. Michael Andersen"]

1. e4 c5 2. Nf3 d6 3. d4 cxd4 4. Nxd4 Nf6 5. f3 e5 6. Nb3 a5 7. Nc3 a4 8. Nd2 a3 9. Bb5+ Nc6 10. Nc4 axb2 11. Bxb2 Be6 12. Nd5 Rc8 13. a4 Nd7 14. O-O Bxd5 15. exd5 Na5 16. Nxa5 Qxa5 17. f4 f6 18. Qg4 Qc7 19. Kh1 Kd8 20. fxe5 Nxe5 21. Bxe5 dxe5 22. d6 Qf7 23. Qb4 b6 24. a5 Qd5 25. Rfd1 Qc5 26. Qxc5 Rxc5 27. a6 Bxd6 28. Rxd6+ Ke7 29. Rxb6 Rxc2 30. a7 Ra8 31. h3 Rc7 32. Rba6 1-0

[Event "Copenhagen Chess Challenge IM 2025"]
[Site "Ballerup"]
[Date "2025.07.27"]
[Round "9.7"]
[White "Jalving, August"]
[Black "Strom Engdahl, Alexander"]
[Result "0-1"]
[WhiteElo "2320"]
[BlackElo "2313"]
[EventDate "2025.07.23"]
[EventType "tourn"]
[EventRounds "9"]
[EventCountry "DEN"]
[SourceTitle "Live v. Michael Andersen"]

1. e4 c5 2. Nf3 Nc6 3. d4 cxd4 4. Nxd4 e5 5. Nb5 d6 6. c4 Be6 7. N5c3 g6 8. Nd5 Bg7 9. Nbc3 Nf6 10. Bd3 Bxd5 11. cxd5 Nd4 12. O-O O-O 13. Be3 Nd7 14. b4 Rc8 15. Qd2 Nb6 16. Rfc1 Nc4 17. Qe1 a6 18. Rab1 f5 19. exf5 Nxe3 20. Qxe3 gxf5 21. Ne2 Nxe2+ 22. Bxe2 Rf7 23. b5 axb5 24. Bxb5 Rfc7 25. Qg5 0-1